<?xml version="1.0" encoding="UTF-8"?><?xml-stylesheet type="text/xsl" href="static/style.xsl"?><OAI-PMH xmlns="http://www.openarchives.org/OAI/2.0/" xmlns:xsi="http://www.w3.org/2001/XMLSchema-instance" xsi:schemaLocation="http://www.openarchives.org/OAI/2.0/ http://www.openarchives.org/OAI/2.0/OAI-PMH.xsd"><responseDate>2026-04-14T03:35:45Z</responseDate><request verb="GetRecord" identifier="oai:www.recercat.cat:10230/56070" metadataPrefix="marc">https://recercat.cat/oai/request</request><GetRecord><record><header><identifier>oai:recercat.cat:10230/56070</identifier><datestamp>2025-12-18T01:11:50Z</datestamp><setSpec>com_2072_6</setSpec><setSpec>col_2072_452952</setSpec></header><metadata><record xmlns="http://www.loc.gov/MARC21/slim" xmlns:dcterms="http://purl.org/dc/terms/" xmlns:xsi="http://www.w3.org/2001/XMLSchema-instance" xmlns:doc="http://www.lyncode.com/xoai" xsi:schemaLocation="http://www.loc.gov/MARC21/slim http://www.loc.gov/standards/marcxml/schema/MARC21slim.xsd">
   <leader>00925njm 22002777a 4500</leader>
   <datafield ind2=" " ind1=" " tag="042">
      <subfield code="a">dc</subfield>
   </datafield>
   <datafield ind2=" " ind1=" " tag="720">
      <subfield code="a">Hernández Fernández, Carlos Pelayo</subfield>
      <subfield code="e">author</subfield>
   </datafield>
   <datafield ind2=" " ind1=" " tag="720">
      <subfield code="a">Giménez Arnau, Anna Maria</subfield>
      <subfield code="e">author</subfield>
   </datafield>
   <datafield ind2=" " ind1=" " tag="720">
      <subfield code="a">García-Doval, Ignacio</subfield>
      <subfield code="e">author</subfield>
   </datafield>
   <datafield ind2=" " ind1=" " tag="260">
      <subfield code="c">2023-03-07T08:00:20Z</subfield>
   </datafield>
   <datafield ind2=" " ind1=" " tag="260">
      <subfield code="c">2023-03-07T08:00:20Z</subfield>
   </datafield>
   <datafield ind2=" " ind1=" " tag="260">
      <subfield code="c">2022</subfield>
   </datafield>
   <datafield ind2=" " ind1=" " tag="520">
      <subfield code="a">Background: current frequency and risk factors for sensitization to methylisothiazolinone (MI), methylchloroisothiazolinone/methylisothiazolinone (MCI/MI), benzisothiazolinone (BIT) and octylisothiazolinone (OIT) in Spain are not well known. Objectives: to study the frequency of sensitization, risk factors and simultaneous sensitization between the four isothiazolinones. Materials and methods: we analysed all 2019-2021 consecutive patients patch-tested with MI (0.2% aq.), MCI/MI (0.02% aq.), BIT (0.1% pet.) and OIT (0.1% pet) within the Spanish Contact Dermatitis Registry (REIDAC). Results: a total of 2511 patients were analysed. Frequencies of sensitization were: any isothiazolinone 15.7%, MI 6.8%, MCI/MI 4.8%, BIT 3.5% and OIT 0.5%. MI and MCI/MI sensitization was associated with being occupationally active, hand dermatitis, detergents and age over 40. BIT sensitization was associated with leg dermatitis and age over 40. About one in nine MI-positive patients were positive to BIT, whereas one in five BIT-positive patients were positive to MI. Conclusions: sensitization to MI, MCI/MI and BIT is still common in Spain, while sensitization to OIT is rare. Currently, sensitization to MI and MCI/MI seems to be occupationally related. Although its origin is unknown, sensitization to BIT is more frequent in patients aged over 40 years. Simultaneous sensitization between MI and BIT is uncommon.</subfield>
   </datafield>
   <datafield tag="653" ind2=" " ind1=" ">
      <subfield code="a">Spain</subfield>
   </datafield>
   <datafield tag="653" ind2=" " ind1=" ">
      <subfield code="a">Benzisothiazolinone</subfield>
   </datafield>
   <datafield tag="653" ind2=" " ind1=" ">
      <subfield code="a">Contact dermatitis</subfield>
   </datafield>
   <datafield tag="653" ind2=" " ind1=" ">
      <subfield code="a">Methylchloroisothiazolinone/methylisothiazolinone</subfield>
   </datafield>
   <datafield tag="653" ind2=" " ind1=" ">
      <subfield code="a">Methylisothiazolinone</subfield>
   </datafield>
   <datafield tag="653" ind2=" " ind1=" ">
      <subfield code="a">Octylisothiazolinone</subfield>
   </datafield>
   <datafield tag="653" ind2=" " ind1=" ">
      <subfield code="a">Patch tests</subfield>
   </datafield>
   <datafield tag="653" ind2=" " ind1=" ">
      <subfield code="a">Standard series</subfield>
   </datafield>
   <datafield ind2="0" ind1="0" tag="245">
      <subfield code="a">Sensitization to isothiazolinones in the Spanish Contact Dermatitis Registry (REIDAC). 2019-2021 epidemiological situation</subfield>
   </datafield>
</record></metadata></record></GetRecord></OAI-PMH>